[Event "DVM U14 2014"]
[Site "Regensburg GER"]
[Date "2014.12.29"]
[Round "5"]
[White "Färber, David"]
[Black "Fieberg, Samuel"]
[Result "1/2-1/2"]
[Termination "normal"]
[Board "1.1"]
[WhiteElo "1770"]
[BlackElo "2064"]
[WhiteClock "00:10:48"]
[BlackClock "00:16:36"]
[WhiteTeam "SV 1947 Walldorf"]
[BlackTeam "SG Porz"]
[PlyCount "131"]
[WhiteFideId "12971294"]
[BlackFideId "12901717"]
[EventCountry "GER"]
[EventRounds "7"]
[EventType "team-swiss"]
[EventDate "2014.12.26"]

1. e4 {[%clk 1:30:58]} c5 {[%clk 1:30:56]} 2. Nf3 {[%clk 1:31:21]} d6 {[%clk
1:31:22]} 3. Bb5+ {[%clk 1:31:45]} Bd7 {[%clk 1:31:46]} 4. Bxd7+ {[%clk
1:32:09]} Qxd7 {[%clk 1:32:10]} 5. O-O {[%clk 1:32:31]} Nf6 {[%clk 1:32:29]} 6.
Re1 {[%clk 1:32:29]} Nc6 {[%clk 1:32:53]} 7. c3 {[%clk 1:32:23]} g6 {[%clk
1:32:18]} 8. d4 {[%clk 1:32:26]} cxd4 {[%clk 1:32:40]} 9. cxd4 {[%clk 1:32:50]}
Bg7 {[%clk 1:33:02]} 10. Nc3 {[%clk 1:33:02]} O-O {[%clk 1:33:26]} 11. Bg5
{[%clk 1:32:21]} Ne8 {[%clk 1:19:27]} 12. e5 {[%clk 1:22:42]} d5 {[%clk
1:19:19]} 13. Qb3 {[%clk 1:17:44]} e6 {[%clk 1:18:50]} 14. Rad1 {[%clk
1:10:18]} Rb8 {[%clk 1:09:19]} 15. a4 {[%clk 1:06:09]} Nc7 {[%clk 1:03:38]} 16.
Nb5 {[%clk 1:01:51]} Nxb5 {[%clk 0:57:17]} 17. Qxb5 {[%clk 1:01:18]} Qc7 {[%clk
0:56:32]} 18. Qc5 {[%clk 0:58:48]} Rfc8 {[%clk 0:56:33]} 19. Rc1 {[%clk
0:56:59]} b6 {[%clk 0:48:08]} 20. Qb5 {[%clk 0:54:18]} Qb7 {[%clk 0:48:24]} 21.
Qd3 {[%clk 0:50:53]} b5 {[%clk 0:45:14]} 22. axb5 {[%clk 0:49:08]} Qxb5 {[%clk
0:45:35]} 23. Qxb5 {[%clk 0:49:09]} Rxb5 {[%clk 0:45:59]} 24. Rc2 {[%clk
0:48:56]} h6 {[%clk 0:44:11]} 25. Be3 {[%clk 0:45:27]} Ne7 {[%clk 0:43:52]} 26.
Rxc8+ {[%clk 0:44:14]} Nxc8 {[%clk 0:43:36]} 27. Rb1 {[%clk 0:42:16]} Bf8
{[%clk 0:43:33]} 28. g4 {[%clk 0:41:16]} Nb6 {[%clk 0:43:07]} 29. Nd2 {[%clk
0:39:49]} Kg7 {[%clk 0:42:27]} 30. Ra1 {[%clk 0:37:18]} a5 {[%clk 0:42:03]} 31.
Kf1 {[%clk 0:33:47]} a4 {[%clk 0:41:47]} 32. Ra2 {[%clk 0:32:13]} Be7 {[%clk
0:36:38]} 33. f4 {[%clk 0:28:31]} Bb4 {[%clk 0:29:07]} 34. Ke2 {[%clk 0:25:40]}
Bxd2 {[%clk 0:27:28]} 35. Bxd2 {[%clk 0:25:43]} Nc4 {[%clk 0:27:53]} 36. Bc3
{[%clk 0:25:43]} Rb3 {[%clk 0:28:06]} 37. Kd3 {[%clk 0:25:19]} a3 {[%clk
0:28:06]} 38. bxa3 {[%clk 0:25:32]} Nxa3 {[%clk 0:28:31]} 39. Rb2 {[%clk
0:23:52]} Rxb2 {[%clk 0:28:23]} 40. Bxb2 {[%clk 0:24:15]} Nc4 {[%clk 0:28:47]}
41. Bc3 {[%clk 0:24:28]} h5 {[%clk 0:28:24]} 42. h3 {[%clk 0:24:19]} hxg4
{[%clk 0:19:53]} 43. hxg4 {[%clk 0:24:41]} f5 {[%clk 0:19:46]} 44. g5 {[%clk
0:18:23]} Kf7 {[%clk 0:20:09]} 45. Bd2 {[%clk 0:18:46]} Ke7 {[%clk 0:20:33]}
46. Bc1 {[%clk 0:19:09]} Kd7 {[%clk 0:20:40]} 47. Kc3 {[%clk 0:19:15]} Kc6
{[%clk 0:20:39]} 48. Kb4 {[%clk 0:19:28]} Kb6 {[%clk 0:20:34]} 49. Ka4 {[%clk
0:19:48]} Na5 {[%clk 0:17:31]} 50. Bd2 {[%clk 0:15:18]} Nc6 {[%clk 0:17:52]}
51. Bc3 {[%clk 0:15:34]} Na7 {[%clk 0:18:02]} 52. Kb4 {[%clk 0:12:19]} Nb5
{[%clk 0:18:19]} 53. Bb2 {[%clk 0:12:34]} Nc7 {[%clk 0:18:24]} 54. Bc3 {[%clk
0:10:23]} Ne8 {[%clk 0:18:40]} 55. Be1 {[%clk 0:10:41]} Ng7 {[%clk 0:18:35]}
56. Bg3 {[%clk 0:11:00]} Nh5 {[%clk 0:18:59]} 57. Bh2 {[%clk 0:11:22]} Ng7
{[%clk 0:17:44]} 58. Bg3 {[%clk 0:11:35]} Ne8 {[%clk 0:17:49]} 59. Be1 {[%clk
0:12:00]} Nc7 {[%clk 0:17:56]} 60. Bc3 {[%clk 0:12:26]} Na6+ {[%clk 0:16:11]}
61. Ka4 {[%clk 0:12:29]} Nb8 {[%clk 0:16:26]} 62. Kb4 {[%clk 0:12:14]} Nc6+
{[%clk 0:16:32]} 63. Ka4 {[%clk 0:12:14]} Ka6 {[%clk 0:16:34]} 64. Bb2 {[%clk
0:11:31]} Na5 {[%clk 0:16:31]} 65. Bc1 {[%clk 0:11:31]} Kb6 {[%clk 0:16:36]}
66. Bd2 {[%clk 0:10:48]} 1/2-1/2

[Event "DVM U14 2014"]
[Site "Regensburg GER"]
[Date "2014.12.29"]
[Round "5"]
[White "Ramien, David"]
[Black "Baureis, Julian"]
[Result "1/2-1/2"]
[Termination "normal"]
[Board "1.2"]
[WhiteElo "1985"]
[BlackElo "1358"]
[WhiteClock "00:26:31"]
[BlackClock "00:35:51"]
[WhiteTeam "SG Porz"]
[BlackTeam "SV 1947 Walldorf"]
[PlyCount "101"]
[WhiteFideId "12948241"]
[BlackFideId "12991112"]
[EventCountry "GER"]
[EventRounds "7"]
[EventType "team-swiss"]
[EventDate "2014.12.26"]

1. e4 {[%clk 1:30:58]} c5 {[%clk 1:30:42]} 2. Nf3 {[%clk 1:31:22]} e6 {[%clk
1:30:47]} 3. d4 {[%clk 1:31:47]} cxd4 {[%clk 1:31:04]} 4. Nxd4 {[%clk 1:32:14]}
a6 {[%clk 1:30:45]} 5. Nd2 {[%clk 1:32:32]} Qc7 {[%clk 1:28:56]} 6. Bd3 {[%clk
1:32:42]} Nf6 {[%clk 1:26:51]} 7. O-O {[%clk 1:32:34]} d6 {[%clk 1:23:29]} 8.
Qe2 {[%clk 1:24:37]} Be7 {[%clk 1:20:23]} 9. Kh1 {[%clk 1:22:23]} Nbd7 {[%clk
1:14:50]} 10. f4 {[%clk 1:20:56]} Nc5 {[%clk 1:08:27]} 11. N2b3 {[%clk
1:18:52]} Bd7 {[%clk 1:05:21]} 12. Nxc5 {[%clk 1:11:26]} Qxc5 {[%clk 1:03:32]}
13. Be3 {[%clk 1:11:37]} Qc7 {[%clk 1:01:22]} 14. c4 {[%clk 1:11:22]} Bc6
{[%clk 0:58:30]} 15. Nxc6 {[%clk 1:10:17]} Qxc6 {[%clk 0:58:31]} 16. Bd4 {[%clk
1:06:04]} Rc8 {[%clk 0:53:46]} 17. Rad1 {[%clk 1:00:11]} Rg8 {[%clk 0:48:59]}
18. b3 {[%clk 0:59:07]} Nd7 {[%clk 0:46:46]} 19. Bb1 {[%clk 0:43:14]} h6 {[%clk
0:43:04]} 20. Rf3 {[%clk 0:42:23]} Rd8 {[%clk 0:42:11]} 21. Rg3 {[%clk
0:39:58]} Nf6 {[%clk 0:40:06]} 22. Bb2 {[%clk 0:31:44]} g6 {[%clk 0:33:54]} 23.
e5 {[%clk 0:23:30]} Nh5 {[%clk 0:30:40]} 24. Rf3 {[%clk 0:23:14]} Qc7 {[%clk
0:27:25]} 25. Bd4 {[%clk 0:15:23]} Ng7 {[%clk 0:25:03]} 26. Re1 {[%clk
0:13:55]} Nf5 {[%clk 0:24:13]} 27. exd6 {[%clk 0:13:49]} Bxd6 {[%clk 0:22:22]}
28. Bf6 {[%clk 0:13:40]} Be7 {[%clk 0:20:07]} 29. Bxe7 {[%clk 0:13:25]} Nxe7
{[%clk 0:20:19]} 30. Rd1 {[%clk 0:13:29]} Rxd1+ {[%clk 0:19:48]} 31. Qxd1
{[%clk 0:13:58]} Nc6 {[%clk 0:19:14]} 32. Be4 Ke7 {[%clk 0:18:38]} 33. Rd3
{[%clk 0:12:10]} Rd8 {[%clk 0:17:29]} 34. Rxd8 {[%clk 0:12:32]} Nxd8 {[%clk
0:16:47]} 35. g3 {[%clk 0:11:48]} b6 {[%clk 0:16:11]} 36. Qd4 {[%clk 0:11:52]}
Qd6 {[%clk 0:16:01]} 37. Qxd6+ {[%clk 0:10:36]} Kxd6 {[%clk 0:16:29]} 38. b4
{[%clk 0:10:21]} Nc6 {[%clk 0:15:41]} 39. Bxc6 {[%clk 0:10:38]} Kxc6 {[%clk
0:16:05]} 40. Kg2 {[%clk 0:10:54]} f6 {[%clk 0:15:13]} 41. Kf3 {[%clk 0:10:20]}
Kd6 {[%clk 0:14:31]} 42. Ke4 {[%clk 0:06:56]} Kc6 {[%clk 0:11:32]} 43. g4
{[%clk 0:02:47]} Kd6 {[%clk 0:10:36]} 44. h4 {[%clk 0:01:29]} g5 {[%clk
0:06:36]} 45. fxg5 {[%clk 0:27:16]} fxg5 {[%clk 0:37:03]} 46. h5 {[%clk
0:26:27]} a5 {[%clk 0:37:00]} 47. a3 {[%clk 0:26:05]} a4 {[%clk 0:36:06]} 48.
Kd4 {[%clk 0:25:53]} e5+ {[%clk 0:35:55]} 49. Kd3 {[%clk 0:26:04]} Kd7 {[%clk
0:35:55]} 50. Ke3 {[%clk 0:26:08]} Ke7 {[%clk 0:35:51]} 51. Ke4 {[%clk
0:26:31]} 1/2-1/2

[Event "DVM U14 2014"]
[Site "Regensburg GER"]
[Date "2014.12.29"]
[Round "5"]
[White "Brede, Robert"]
[Black "Kagan, Dennis"]
[Result "0-1"]
[Termination "normal"]
[Board "1.3"]
[WhiteElo "1294"]
[BlackElo "1926"]
[WhiteClock "00:14:00"]
[BlackClock "00:26:53"]
[WhiteTeam "SV 1947 Walldorf"]
[BlackTeam "SG Porz"]
[PlyCount "52"]
[WhiteFideId "12971405"]
[BlackFideId "12983578"]
[EventCountry "GER"]
[EventRounds "7"]
[EventType "team-swiss"]
[EventDate "2014.12.26"]

1. c4 {[%clk 1:30:55]} e6 {[%clk 1:30:54]} 2. Nc3 {[%clk 1:30:39]} d5 {[%clk
1:30:13]} 3. d4 {[%clk 1:30:05]} c5 {[%clk 1:30:35]} 4. dxc5 {[%clk 1:27:30]}
d4 {[%clk 1:28:50]} 5. Nb5 {[%clk 1:23:27]} Bxc5 {[%clk 1:24:25]} 6. Bf4 {[%clk
1:21:42]} Bb4+ {[%clk 1:23:32]} 7. Bd2 {[%clk 1:21:40]} Bxd2+ {[%clk 1:23:38]}
8. Qxd2 {[%clk 1:21:59]} Nc6 {[%clk 1:23:44]} 9. g3 {[%clk 1:18:05]} a6 {[%clk
1:21:43]} 10. Na3 {[%clk 1:17:46]} Nf6 {[%clk 1:20:47]} 11. Bg2 {[%clk
1:17:41]} e5 {[%clk 1:18:52]} 12. Nf3 {[%clk 1:14:35]} Bf5 {[%clk 1:07:37]} 13.
Qg5 {[%clk 1:09:52]} Qa5+ {[%clk 0:52:27]} 14. Qd2 {[%clk 0:55:57]} Qc5 {[%clk
0:48:37]} 15. Qg5 {[%clk 0:50:25]} Qb4+ {[%clk 0:45:12]} 16. Qd2 {[%clk
0:50:28]} Qe7 {[%clk 0:45:29]} 17. O-O {[%clk 0:44:46]} h6 {[%clk 0:41:55]} 18.
Nc2 {[%clk 0:41:02]} O-O {[%clk 0:40:14]} 19. Rac1 {[%clk 0:36:13]} Rfe8 {[%clk
0:37:47]} 20. Rfd1 {[%clk 0:35:06]} Rad8 {[%clk 0:36:25]} 21. a3 {[%clk
0:29:25]} a5 {[%clk 0:34:45]} 22. c5 {[%clk 0:24:52]} Ne4 {[%clk 0:33:39]} 23.
Qe1 {[%clk 0:24:13]} Nxc5 {[%clk 0:33:15]} 24. Nh4 {[%clk 0:20:39]} Bh7 {[%clk
0:31:17]} 25. Nf3 {[%clk 0:17:18]} Nb3 {[%clk 0:30:42]} 26. Rd2 {[%clk
0:14:00]} e4 {[%clk 0:26:53]} 0-1

[Event "DVM U14 2014"]
[Site "Regensburg GER"]
[Date "2014.12.29"]
[Round "5"]
[White "Sewald, Kathrin"]
[Black "Zwecker, Conrad"]
[Result "1/2-1/2"]
[Termination "normal"]
[Board "1.4"]
[WhiteElo "1503"]
[BlackElo "1271"]
[WhiteClock "00:17:09"]
[BlackClock "00:16:55"]
[WhiteTeam "SG Porz"]
[BlackTeam "SV 1947 Walldorf"]
[PlyCount "78"]
[WhiteFideId "12964557"]
[BlackFideId "12971391"]
[EventCountry "GER"]
[EventRounds "7"]
[EventType "team-swiss"]
[EventDate "2014.12.26"]

1. e4 {[%clk 1:30:58]} e5 {[%clk 1:30:54]} 2. Nf3 {[%clk 1:31:24]} Nc6 {[%clk
1:31:18]} 3. Bc4 {[%clk 1:31:52]} Bc5 {[%clk 1:31:34]} 4. c3 {[%clk 1:32:20]}
Nf6 {[%clk 1:30:39]} 5. d3 {[%clk 1:32:43]} d6 {[%clk 1:31:00]} 6. h3 {[%clk
1:33:08]} Be6 {[%clk 1:30:32]} 7. Bb3 {[%clk 1:33:28]} h6 {[%clk 1:29:26]} 8.
O-O {[%clk 1:33:47]} Qd7 {[%clk 1:27:37]} 9. Bc2 {[%clk 1:28:38]} O-O-O {[%clk
1:18:47]} 10. d4 {[%clk 1:27:11]} exd4 {[%clk 1:17:14]} 11. cxd4 Bc4 {[%clk
1:13:40]} 12. Bd3 {[%clk 1:25:27]} Bxd3 {[%clk 1:14:03]} 13. Qxd3 {[%clk
1:25:49]} Bb6 {[%clk 1:13:52]} 14. a3 {[%clk 1:23:29]} Rhe8 {[%clk 1:10:44]}
15. Nbd2 {[%clk 1:17:07]} Nh5 {[%clk 0:57:03]} 16. Nc4 {[%clk 1:12:50]} Re7
{[%clk 0:50:24]} 17. Be3 {[%clk 1:07:08]} Rde8 {[%clk 0:46:37]} 18. d5 {[%clk
0:59:01]} Bxe3 {[%clk 0:45:52]} 19. dxc6 {[%clk 0:58:13]} Bxf2+ {[%clk
0:45:36]} 20. Rxf2 {[%clk 0:57:57]} Qxc6 {[%clk 0:45:57]} 21. Rc2 {[%clk
0:54:15]} Re6 {[%clk 0:39:08]} 22. Nd4 {[%clk 0:49:40]} Qc5 {[%clk 0:31:46]}
23. Ne3 {[%clk 0:48:01]} Nf4 {[%clk 0:27:41]} 24. Nxe6 {[%clk 0:45:31]} Rxe6
{[%clk 0:23:45]} 25. Rxc5 {[%clk 0:44:23]} Nxd3 {[%clk 0:24:06]} 26. Rc2 {[%clk
0:43:06]} Rxe4 {[%clk 0:24:17]} 27. Nd5 {[%clk 0:40:33]} c6 {[%clk 0:21:36]}
28. Nc3 {[%clk 0:39:51]} Rc4 {[%clk 0:21:54]} 29. b3 {[%clk 0:35:02]} Rc5
{[%clk 0:20:09]} 30. Rd1 {[%clk 0:34:28]} Nf4 {[%clk 0:17:49]} 31. Rdd2 {[%clk
0:34:10]} Kc7 {[%clk 0:17:08]} 32. Ne4 {[%clk 0:29:19]} Rxc2 {[%clk 0:16:09]}
33. Rxc2 {[%clk 0:29:34]} d5 {[%clk 0:16:21]} 34. Nf2 {[%clk 0:28:45]} Kd6
{[%clk 0:16:27]} 35. b4 {[%clk 0:24:26]} b6 {[%clk 0:16:51]} 36. Kh2 {[%clk
0:19:45]} c5 {[%clk 0:16:48]} 37. bxc5+ {[%clk 0:20:05]} bxc5 {[%clk 0:17:17]}
38. Kg3 {[%clk 0:19:18]} Ne6 {[%clk 0:17:34]} 39. Nd3 {[%clk 0:17:09]} c4
{[%clk 0:16:55]} 1/2-1/2

[Event "DVM U14 2014"]
[Site "Regensburg GER"]
[Date "2014.12.29"]
[Round "5"]
[White "Oberhofer, Cédric"]
[Black "Laubrock, Paul"]
[Result "1-0"]
[Termination "normal"]
[Board "2.1"]
[WhiteElo "2066"]
[BlackElo "1902"]
[WhiteClock "00:15:56"]
[BlackClock "00:38:24"]
[WhiteTeam "SC Bavaria Regensburg"]
[BlackTeam "Hagener SV"]
[PlyCount "65"]
[WhiteFideId "12941220"]
[BlackFideId "1270509"]
[EventCountry "GER"]
[EventRounds "7"]
[EventType "team-swiss"]
[EventDate "2014.12.26"]

1. e4 {[%clk 1:30:59]} c5 {[%clk 1:30:52]} 2. Nf3 {[%clk 1:31:26]} Nc6 {[%clk
1:31:15]} 3. d4 {[%clk 1:31:53]} cxd4 {[%clk 1:31:39]} 4. Nxd4 {[%clk 1:32:19]}
e6 {[%clk 1:32:00]} 5. Nc3 {[%clk 1:32:41]} Nf6 {[%clk 1:32:25]} 6. Be3 {[%clk
1:31:15]} Bb4 {[%clk 1:32:37]} 7. Ndb5 {[%clk 1:20:31]} a6 {[%clk 1:26:40]} 8.
Nd6+ {[%clk 1:11:38]} Ke7 {[%clk 1:27:03]} 9. Nxc8+ {[%clk 1:06:05]} Rxc8
{[%clk 1:27:22]} 10. Bd3 {[%clk 1:04:20]} d5 {[%clk 1:18:45]} 11. exd5 {[%clk
1:02:35]} Nxd5 {[%clk 1:18:29]} 12. Bd2 {[%clk 0:58:19]} Bxc3 {[%clk 1:15:06]}
13. bxc3 {[%clk 0:54:08]} Ne5 {[%clk 1:14:46]} 14. O-O {[%clk 0:51:23]} Nxc3
{[%clk 1:10:25]} 15. Qh5 {[%clk 0:45:04]} Nxd3 {[%clk 1:04:17]} 16. Bxc3 {[%clk
0:39:48]} Rxc3 {[%clk 1:02:45]} 17. cxd3 {[%clk 0:39:54]} Qd4 {[%clk 0:57:00]}
18. Rab1 {[%clk 0:33:57]} b5 {[%clk 0:54:24]} 19. Qg5+ {[%clk 0:33:30]} Qf6
{[%clk 0:52:53]} 20. Qe3 {[%clk 0:33:46]} Rc7 {[%clk 0:51:10]} 21. Qb6 {[%clk
0:33:32]} Qc3 {[%clk 0:48:44]} 22. Qxa6 {[%clk 0:32:13]} Qxd3 {[%clk 0:46:02]}
23. Rfd1 {[%clk 0:32:10]} Qc4 {[%clk 0:45:36]} 24. Qd6+ {[%clk 0:29:33]} Kf6
{[%clk 0:45:57]} 25. Rb4 {[%clk 0:24:48]} Qc5 {[%clk 0:44:00]} 26. Rf4+ {[%clk
0:23:45]} Kg6 {[%clk 0:44:12]} 27. Rg4+ {[%clk 0:19:17]} Kf6 {[%clk 0:38:14]}
28. Qf4+ {[%clk 0:19:22]} Qf5 {[%clk 0:38:05]} 29. Qd4+ {[%clk 0:19:39]} e5
{[%clk 0:38:24]} 30. Qb6+ {[%clk 0:15:56]} Qe6 31. Qxc7 Qxg4 32. Rd6+ Kg5 33.
Qe7+ 1-0

[Event "DVM U14 2014"]
[Site "Regensburg GER"]
[Date "2014.12.29"]
[Round "5"]
[White "Balazs, Balint"]
[Black "Dechant, Georg"]
[Result "1-0"]
[Termination "normal"]
[Board "2.2"]
[WhiteElo "1851"]
[BlackElo "1759"]
[WhiteClock "00:37:46"]
[BlackClock "01:10:31"]
[WhiteTeam "Hagener SV"]
[BlackTeam "SC Bavaria Regensburg"]
[PlyCount "77"]
[WhiteFideId "12922757"]
[BlackFideId "12956716"]
[EventCountry "GER"]
[EventRounds "7"]
[EventType "team-swiss"]
[EventDate "2014.12.26"]

1. e4 {[%clk 1:30:56]} c5 {[%clk 1:30:55]} 2. Nf3 {[%clk 1:31:20]} Nc6 {[%clk
1:31:21]} 3. d4 {[%clk 1:31:44]} cxd4 {[%clk 1:31:48]} 4. Nxd4 {[%clk 1:32:09]}
Qc7 {[%clk 1:32:13]} 5. Nc3 {[%clk 1:31:12]} e6 {[%clk 1:32:37]} 6. Ndb5 {[%clk
1:18:53]} Qb8 {[%clk 1:33:00]} 7. Be3 {[%clk 1:12:34]} a6 {[%clk 1:33:16]} 8.
Bb6 {[%clk 0:57:07]} axb5 {[%clk 1:22:36]} 9. Nxb5 {[%clk 0:56:24]} Bb4+ {[%clk
1:22:22]} 10. c3 {[%clk 0:56:43]} Qe5 {[%clk 1:22:33]} 11. cxb4 {[%clk
0:52:24]} Qxe4+ {[%clk 1:22:49]} 12. Be2 {[%clk 0:52:26]} Qxb4+ {[%clk
1:22:57]} 13. Qd2 {[%clk 0:50:49]} Kf8 {[%clk 1:19:48]} 14. Qxb4+ {[%clk
0:51:02]} Nxb4 {[%clk 1:20:07]} 15. Bc5+ {[%clk 0:51:28]} Ne7 {[%clk 1:20:07]}
16. Bxb4 {[%clk 0:51:52]} d5 {[%clk 1:19:43]} 17. O-O {[%clk 0:50:54]} Bd7
{[%clk 1:19:28]} 18. Rfc1 {[%clk 0:50:55]} Bc6 {[%clk 1:19:41]} 19. Nd4 {[%clk
0:49:25]} Ke8 {[%clk 1:16:10]} 20. Bxe7 {[%clk 0:48:47]} Kxe7 {[%clk 1:16:31]}
21. Nxc6+ {[%clk 0:46:28]} bxc6 {[%clk 1:16:56]} 22. Rxc6 {[%clk 0:45:33]} Rhb8
{[%clk 1:17:18]} 23. Rc2 {[%clk 0:45:07]} d4 {[%clk 1:16:44]} 24. a3 {[%clk
0:43:26]} Ra7 {[%clk 1:15:25]} 25. Rac1 {[%clk 0:42:52]} Kf6 {[%clk 1:15:25]}
26. Bc4 {[%clk 0:41:53]} Ra4 {[%clk 1:14:46]} 27. Bd3 {[%clk 0:41:11]} Rb3
{[%clk 1:13:49]} 28. Bc4 {[%clk 0:40:07]} Rb8 {[%clk 1:14:05]} 29. f3 {[%clk
0:39:51]} h6 {[%clk 1:12:16]} 30. Kf2 {[%clk 0:40:09]} Ke5 {[%clk 1:12:29]} 31.
Ke2 {[%clk 0:40:15]} Ra5 {[%clk 1:11:15]} 32. Kd3 {[%clk 0:39:48]} Rd8 {[%clk
1:11:35]} 33. Ra1 {[%clk 0:38:51]} Kf6 {[%clk 1:10:25]} 34. b4 {[%clk 0:37:54]}
Ra7 {[%clk 1:10:05]} 35. a4 {[%clk 0:37:09]} e5 {[%clk 1:10:11]} 36. a5 {[%clk
0:37:02]} Rb8 {[%clk 1:10:25]} 37. Rb2 {[%clk 0:37:08]} Ke7 {[%clk 1:10:38]}
38. b5 {[%clk 0:37:32]} Rba8 {[%clk 1:10:31]} 39. b6 {[%clk 0:37:46]} 1-0

[Event "DVM U14 2014"]
[Site "Regensburg GER"]
[Date "2014.12.29"]
[Round "5"]
[White "Brüll, Elias"]
[Black "Hoppe, Andreas"]
[Result "0-1"]
[Termination "normal"]
[Board "2.3"]
[WhiteElo "1724"]
[BlackElo "1758"]
[WhiteClock "00:01:01"]
[BlackClock "01:01:04"]
[WhiteTeam "SC Bavaria Regensburg"]
[BlackTeam "Hagener SV"]
[PlyCount "76"]
[WhiteFideId "12964921"]
[BlackFideId "12922811"]
[EventCountry "GER"]
[EventRounds "7"]
[EventType "team-swiss"]
[EventDate "2014.12.26"]

1. e4 {[%clk 1:30:58]} e6 {[%clk 1:30:55]} 2. d4 {[%clk 1:31:25]} d5 {[%clk
1:31:22]} 3. e5 {[%clk 1:31:52]} c5 {[%clk 1:31:49]} 4. c3 {[%clk 1:32:17]} Qb6
{[%clk 1:32:15]} 5. Nf3 {[%clk 1:32:43]} Bd7 {[%clk 1:32:41]} 6. a3 {[%clk
1:33:00]} Bb5 {[%clk 1:33:05]} 7. b4 {[%clk 1:33:16]} cxd4 {[%clk 1:33:21]} 8.
Bxb5+ {[%clk 1:33:34]} Qxb5 {[%clk 1:33:45]} 9. cxd4 {[%clk 1:34:02]} Nd7
{[%clk 1:33:13]} 10. Nc3 {[%clk 1:33:39]} Qc6 {[%clk 1:33:34]} 11. Bd2 {[%clk
1:32:41]} Nb6 {[%clk 1:33:49]} 12. O-O {[%clk 1:26:14]} Ne7 {[%clk 1:33:37]}
13. Rc1 {[%clk 1:24:06]} Nc4 {[%clk 1:32:25]} 14. Qb3 {[%clk 1:00:46]} Nf5
{[%clk 1:28:07]} 15. Rc2 {[%clk 0:58:05]} Rc8 {[%clk 1:27:38]} 16. Rfc1 {[%clk
0:57:46]} Be7 {[%clk 1:25:56]} 17. b5 {[%clk 0:53:28]} Qd7 {[%clk 1:23:54]} 18.
a4 {[%clk 0:51:41]} O-O {[%clk 1:23:34]} 19. Ne2 {[%clk 0:48:12]} b6 {[%clk
1:18:54]} 20. Bf4 {[%clk 0:28:03]} h6 {[%clk 1:14:30]} 21. g4 {[%clk 0:27:26]}
Nh4 {[%clk 1:13:25]} 22. Nxh4 {[%clk 0:27:15]} Bxh4 {[%clk 1:13:47]} 23. Bg3
{[%clk 0:27:03]} Be7 {[%clk 1:12:59]} 24. f4 {[%clk 0:26:02]} Rc7 {[%clk
1:11:35]} 25. Qf3 {[%clk 0:21:11]} Rfc8 {[%clk 1:11:08]} 26. Kh1 {[%clk
0:21:15]} Qd8 {[%clk 1:10:33]} 27. Nc3 {[%clk 0:06:05]} Na3 {[%clk 1:09:11]}
28. Rg2 {[%clk 0:06:03]} Bb4 {[%clk 1:08:08]} 29. Be1 {[%clk 0:06:10]} Nb1
{[%clk 1:03:46]} 30. Rgc2 {[%clk 0:05:04]} Nxc3 {[%clk 1:02:39]} 31. Bxc3
{[%clk 0:05:29]} Rc4 {[%clk 1:02:08]} 32. f5 {[%clk 0:02:05]} Qc7 {[%clk
1:01:03]} 33. fxe6 {[%clk 0:01:43]} fxe6 {[%clk 1:00:54]} 34. Bxb4 {[%clk
0:00:44]} Rxc2 {[%clk 1:01:08]} 35. Rf1 {[%clk 0:00:58]} Rc1 {[%clk 1:00:37]}
36. Kg2 {[%clk 0:00:48]} Rxf1 {[%clk 1:00:28]} 37. Kxf1 {[%clk 0:00:46]} Qc1+
{[%clk 1:00:42]} 38. Be1 {[%clk 0:01:01]} Rf8 {[%clk 1:01:04]} 0-1